Регионална библиотека "Любен Каравелов" - Русе

Избрани педагогически произведения (Запис номер 193208)

MARC детайли
000 -Лидер
Контролно поле с фиксирана дължина 01650nam a2200373 a 4500
003 - Код на организацията, давaща контролен номер
Контролно поле BLK
005 - Дата и час на последна редакция
Контролно поле 20241210153736.0
008 - Елементи от данни с фиксирана дължина
fixed length control field 180411b bul|||||r ||||||| ||bul||
010 ## - Наследен системен номер
LC control number KNG00202422000
040 ## - Източник на каталожния запис
Идентификатор на билиотеката - собственик на записа BLK
041 ## - Код за език
Код за езика на текст/звукозапис или на отделно заглавие Български
Код за езика КДБФ Български
080 ## - УДК
Текстов определител УДК Основи на възпитанието (материални, теоретични, философски и др.). Педагогика
УДК код - определител по УДК 37.01
УДК определител (437.1)(081.2)
УДК - код + определител 37.01(437.1)(081.2)
100 1# - Редна дума - Автор
Автор Коменски, Ян Амос
Авторска отговорност първи автор
R(LIN) 81721
139 ## - Редно поле
Редна дума Коменски, Ян Амос
Авторски знак Ком - К 80
245 10 - Сведения за заглавието
Заглавие Избрани педагогически произведения
Редно поле (дума) Ян Амос Коменски; с предг. от Йозеф Цах; прев. от чеш. Димитър Ст. Тилев.
257 ## - Страна на издаване
Страна на създаване/издаване Чехия
260 ## - Област на издателските данни
Място на издаване, разпространение и проч. София
Име на издателя, разпространителя и проч. Просвета
Година на издаване 1992
300 ## - Физическа характеристика
Страници 280 с.
Размери/Мащаб 21 см
380 ## - Жанр
Жанр Обществени науки
490 ## - СЕРИИ (Колекции)
Име на серия Библиотека Педагогическо наследство
9 (RLIN) 208979
500 ## - Общи забележки
Забележка Прев. е направен от Velka Didaktika. Vybrane spisy / Jan Amos Komensky. - Офс. изд.
650 #4 - Допълнително описание по предмет – тема
Основно описание – тема или топоним Педагогика
9 (RLIN) 165929
653 ## - Ключова дума – ненормативна
Ключова дума педагогика
653 ## - Ключова дума – ненормативна
Ключова дума Чехия
700 1# - Други автори (авторска отговорност)
Лично име Цах, Йозеф
Автороска отговорност (Описва отношението между автора и произведението) с предг. от
9 (RLIN) 139312
700 1# - Други автори (авторска отговорност)
Лично име Тилев, Димитър Стефанов
9 (RLIN) 385136
852 ## - Местоположение
Форматна сигнатура Цб 168503
856 4# - Електронен адрес и достъп
Електронен формат pdf - файл
Инструкция (цена за достъп) 25.00
Права за достъп disable
856 4# - Електронен адрес и достъп
Електронен формат pdf - файл
Инструкция (цена за достъп) 25.00
Права за достъп disable
999 ## - СИСТЕМНИ КОНТРОЛНИ НОМЕРА
Koha biblionumber 193208
Koha biblioitemnumber 193208
942 ## - АРТИКУЛИ
Вид на библиотечния материал Книги
Скрит в OPAC Не
Периодичен библиозапис Да
Koha issues (borrowed), all copies 1
944 ## - СЪЗДАВАНЕ И РЕДАКЦИЯ на ЗАПИСА
Създаване/Редакция Създаване
Дата на регистрацията/редакция 07.03.2017
Служител, извършил регистрацията/редакцията 30535
Статус, дата на статуса Христина Везирева
944 ## - СЪЗДАВАНЕ И РЕДАКЦИЯ на ЗАПИСА
Създаване/Редакция Редакция
Дата на регистрацията/редакция 07.03.2017
Служител, извършил регистрацията/редакцията Радостина_Карадакова
999 ## - СИСТЕМНИ КОНТРОЛНИ НОМЕРА
Koha biblioitemnumber 193208
Наличности
Код за отписване Код за изгубен артикул Източник на класификационната схема Код за повреда Коз за рестрикции Код за отдаване Артикулен № Име на библиотеката - собственик Име на библиотеката, в която се намира в момента Статус (Текущо местоположение) Дата на вписване в системата Местоположение - отдел Цена в лева Инвентарен номер Систематично азбучна сигнатура Баркод Номер на екземпляра Цена в евро Служебна бележка Служебен тип на артикула
  Не е изгубен Universal Decimal Classification Не е повреден без рестрикции ползва се в читалня 338491 Регионална библиотека "Любен Каравелов" Русе Регионална библиотека "Любен Каравелов" Русе Хранилище 1992-01-01 Хранилище 25.00 567265 Цб 168503 120000567265 1 12.78 N: стар фонд Дата: 01.01.1992 Книги
Vip Innovations Ltd, Rousse, Bulgaria 2025